| 000 | 00881nac a22002657a 4500 | ||
|---|---|---|---|
| 001 | BR7406040 | ||
| 003 | BR-BrBNA | ||
| 005 | 20240105113813.0 | ||
| 008 | 230509b bl.|||m| |||| 00| 0 por d | ||
| 040 |
_aBR-BrBNA _bpor _cBiblioteca Nacional de Agricultura |
||
| 072 | _aE10; E70 | ||
| 090 | _aE10 BR7406040 | ||
| 110 | 1 |
_aMinisterio da Industria e do Comercio, Brasilia, DF (Brasil) _97037 |
|
| 245 | 1 | _aRelatorio das atividades 1973 [Ministerio da Industria e do Comercio, Brasil] | |
| 260 | 3 |
_aBrasilia, DF (Brasil): _c1974. |
|
| 300 | _a134 p. | ||
| 490 |
_aRelatorio - Ministerio da Industria e do Comercio (Brazil) _v _x |
||
| 650 | _aCOMERCIO INTERNO | ||
| 650 | _aCOMERCIO EXTERIOR | ||
| 650 | _aDESENVOLVIMENTO INDUSTRIAL | ||
| 650 | _aINCENTIVO FISCAL | ||
| 650 | _aINVESTIMENTO | ||
| 909 |
_a202312 _bLúcia Elande _c55 _dLúcia Elande |
||
| 942 |
_2AGRIS _n0 _cMS |
||
| 999 |
_c265668 _d265668 |
||